000 01314nmc a2200421 a 4500
003 AR-BaBNM
005 20251128205452.0
008 297119s1996 ||||||||||||||000 | spa||
020 _a84-7827-064-7
040 _cAR-BaBNM
245 1 0 _aLa orientación vocacional a través del currículum y de la tutoría
_buna propuesta para la etapa de 12 a 16 años
250 _a4ª ed.
260 _aBarcelona
_bGraó
_bUniversidad de Barcelona. Institut de Ciències de l'Educació
_c1996
300 0 _a236 p.
_btablas
490 0 _aMateriales para la innovación educativa
_vv. 3
504 _aBibliografía: p. 235-236
650 4 _aCURRICULO
650 4 _aSERVICIOS DE ORIENTACION
650 4 _aTUTORIA
650 4 _aORIENTACION PROFESIONAL
650 4 _aOBJETIVOS DE LA ORIENTACION
650 4 _aMERCADO DE TRABAJO
650 4 _aELECCION DE UNA OCUPACION
650 4 _aENTREVISTAS
653 0 _aORIENTACION VOCACIONAL
653 0 _aVISITAS GUIADAS
653 0 _aTERCER CICLO DE LA EGB
653 0 _aGABINETES PSICOPEDAGOGICOS
700 1 _aAlvarez, Manuel
700 1 _aFernández, Antoni
700 1 _aFernández, Rafael
700 1 _aFlaquer, Teresa
700 1 _aMoncosí, Jordi
700 1 _aSullá, Teresa
800 1 _aAntúnez, Serafín
942 _cBK
998 _cSILVI
999 _c11522
_d11522